La Biblia considerada como poema (Record no. 166067)

MARC details
000 -LEADER
campo de control de longitud fija 00779nam a2200181 i 4500
001 - NÚMERO DE CONTROL
campo de control 166067
003 - IDENTIFICADOR DE NÚMERO DE CONTROL
campo de control ES-MaACL
005 - FECHA Y HORA DE LA ÚLTIMA TRANSACCIÓN
campo de control 20251123063308.0
008 - DATOS DE LONGITUD FIJA--INFORMACIÓN GENERAL
campo de control de longitud fija 991020s1886 sp |||| | spa d
040 ## - FUENTE DE CATALOGACIÓN
Centro catalogador/agencia de origen CCPB | B
Lengua de catalogación spa
Centro/agencia transcriptor CCPB | B
100 1# - ENTRADA PRINCIPAL--NOMBRE DE PERSONA
Nombre de persona Taronjí y Cortés, José,
Fechas asociadas al nombre 1847-1890
9 (RLIN) 133134
245 13 - MENCIÓN DEL TÍTULO
Título La Biblia considerada como poema
Resto del título : discurso leído en la solemne apertura del curso académico de 1886 á 1887 en el seminario de San Dionisio /
Mención de responsabilidad, etc. por José Taronjí y Cortés.
260 ## - PUBLICACIÓN, DISTRIBUCIÓN, ETC.
Lugar de publicación, distribución, etc. Granada :
Nombre del editor, distribuidor, etc. [s.n.],
Fecha de publicación, distribución, etc. 1886 (
Fabricante Impreeta [sic] de José López Guevara)
300 ## - DESCRIPCIÓN FÍSICA
Extensión 27 p. ;
Dimensiones 28 cm.
650 #4 - PUNTO DE ACCESO ADICIONAL DE MATERIA--TÉRMINO DE MATERIA
Término de materia o nombre geográfico como elemento de entrada Biblia-
Subdivisión general Crítica e interpretación.
9 (RLIN) 190007
852 ## - LOCALIZACIÓN
Ubicación ES-MaACL
Número de control de estantería T-446-F-3
Nota libre -- Enc. hol.
-- -- Enc. en un vol. facticio
Holdings
Estatus retirado Estado de pérdida Estado de daño No para préstamo Colección Biblioteca de origen Biblioteca actual Ubicación en estantería Fecha de adquisición Total de préstamos Signatura topográfica completa Código de barras Visto por última vez Precio de reemplazo Tipo de ítem Koha
        Colección de folletos Biblioteca del Ateneo de Madrid Biblioteca del Ateneo de Madrid Depósito folletos 17/01/2008   T-446-F-3 1174161 23/02/2023 23/02/2023 Folleto